Historia de las ideas políticas y jurídicas / (Registro nro. 4718)
[ vista simple ]
| 000 -LEADER | |
|---|---|
| fixed length control field | 01752nam a2200325Ia 4500 |
| 003 - CONTROL NUMBER IDENTIFIER | |
| control field | OSt |
| 005 - DATE AND TIME OF LATEST TRANSACTION | |
| control field | 20201111093239.0 |
| 008 - FIXED-LENGTH DATA ELEMENTS--GENERAL INFORMATION | |
| fixed length control field | 191128s2014 ck gr 001 0 spa d |
| 020 ## - INTERNATIONAL STANDARD BOOK NUMBER | |
| International Standard Book Number | 9789583509698 |
| Qualifying information | v.1 |
| 020 ## - INTERNATIONAL STANDARD BOOK NUMBER | |
| International Standard Book Number | 9789583509681 |
| Qualifying information | v.2 |
| 020 ## - INTERNATIONAL STANDARD BOOK NUMBER | |
| International Standard Book Number | 9789583509735 |
| Qualifying information | v.3 |
| 020 ## - INTERNATIONAL STANDARD BOOK NUMBER | |
| International Standard Book Number | 9789583509674 |
| Qualifying information | v.4 |
| 020 ## - INTERNATIONAL STANDARD BOOK NUMBER | |
| International Standard Book Number | 9789583509674 |
| Qualifying information | v.5 |
| 040 ## - CATALOGING SOURCE | |
| Original cataloging agency | CO-JMCR |
| Transcribing agency | CO-JMCR |
| 041 0# - LANGUAGE CODE | |
| Language code of text/sound track or separate title | spa |
| 082 04 - DEWEY DECIMAL CLASSIFICATION NUMBER | |
| Classification number | 320.5 / |
| Item number | P419h |
| Edition number | 21 |
| 100 1# - MAIN ENTRY--PERSONAL NAME | |
| Personal name | Plazas Vega, Mauricio Alfredo, |
| Relator term | autor |
| 9 (RLIN) | 716 |
| 245 10 - TITLE STATEMENT | |
| Title | Historia de las ideas políticas y jurídicas / |
| Statement of responsibility, etc. | Mauricio Alfredo Plazas Vega |
| 260 ## - PUBLICATION, DISTRIBUTION, ETC. | |
| Place of publication, distribution, etc. | Bogotá : |
| Name of publisher, distributor, etc. | Temis, |
| Date of publication, distribution, etc. | 2014 |
| 300 ## - PHYSICAL DESCRIPTION | |
| Extent | 5 volúmenes ; |
| Dimensions | 22 cm. |
| 500 ## - GENERAL NOTE | |
| General note | Incluye índice de nombres y autores citados. |
| 505 0# - FORMATTED CONTENTS NOTE | |
| Formatted contents note | v.1. Reflexiones desde la antigüedad hasta la reforma protestante -- v.2 Reflexiones la modernidad el liberalismo -- v.3. Reflexiones la modernidad otros ismos políticos las nuevas teorías sobre el contrato político y las ideas políticas de la Constitución Política de Colombia de 1991 -- v.4. Reflexiones del realimso al trialismo jurídico reflexiones sobre el contenido del derecho, la formación de los juristas y el activismo judicial -- v.5. Reflexiones el fente nacional en Colombia |
| 600 ## - SUBJECT ADDED ENTRY--PERSONAL NAME | |
| Source of heading or term | v 1. Desde la antigüedad hasta la reforma protestante -- v. 2 La modernidad: el liberalismo -- v. 3. La modernidad: el liberalismo y otros ismos políticos -- v. 4 Del realismo al trialismo político -- v. 5. El frente nacional |
| 650 14 - SUBJECT ADDED ENTRY--TOPICAL TERM | |
| Topical term or geographic name entry element | Ciencia política |
| General subdivision | historia |
| 9 (RLIN) | 2088 |
| 650 24 - SUBJECT ADDED ENTRY--TOPICAL TERM | |
| Topical term or geographic name entry element | Filosofía política |
| General subdivision | historia |
| 9 (RLIN) | 2089 |
| 650 24 - SUBJECT ADDED ENTRY--TOPICAL TERM | |
| Topical term or geographic name entry element | Doctrinas políticas |
| General subdivision | historia |
| 9 (RLIN) | 2090 |
| 650 24 - SUBJECT ADDED ENTRY--TOPICAL TERM | |
| Topical term or geographic name entry element | Pensamiento político |
| General subdivision | historia |
| 9 (RLIN) | 2091 |
| 650 24 - SUBJECT ADDED ENTRY--TOPICAL TERM | |
| Topical term or geographic name entry element | Protestantismo |
| General subdivision | historia |
| 9 (RLIN) | 2092 |
| 942 ## - ADDED ENTRY ELEMENTS (KOHA) | |
| Source of classification or shelving scheme | Dewey Decimal Classification |
| Koha item type | Books |
| Withdrawn status | Lost status | Source of classification or shelving scheme | Damaged status | Not for loan | Collection code | Home library | Current library | Date acquired | Source of acquisition | Cost, normal purchase price | Total Checkouts | Full call number | Barcode | Date last seen | Copy number | Koha item type | Price effective from |
|---|---|---|---|---|---|---|---|---|---|---|---|---|---|---|---|---|---|
| Dewey Decimal Classification | Non-fiction | Biblioteca Pública José María del Castillo y Rada | Biblioteca Pública José María del Castillo y Rada | 04/15/2018 | Donación | 0.00 | 320.5 / P419h | 430000042 | 05/16/2024 | V.1 / Ej.1 | Books | ||||||
| Dewey Decimal Classification | Non-fiction | Biblioteca Pública José María del Castillo y Rada | Biblioteca Pública José María del Castillo y Rada | 04/15/2018 | Donación | 0.00 | 320.5 / P419h | 430000043 | 05/16/2024 | V.2 / Ej.1 | Books | ||||||
| Dewey Decimal Classification | Non-fiction | Biblioteca Pública José María del Castillo y Rada | Biblioteca Pública José María del Castillo y Rada | 04/15/2018 | Donación | 0.00 | 320.5 / P419h | 430000045 | 05/16/2024 | V.4 / Ej.1 | Books | ||||||
| Dewey Decimal Classification | Non-fiction | Biblioteca Pública José María del Castillo y Rada | Biblioteca Pública José María del Castillo y Rada | 04/15/2018 | Donación | 0.00 | 320.5 / P419h | 430000044 | 05/16/2024 | V.3 / Ej.1 | Books | ||||||
| Dewey Decimal Classification | Non-fiction | Biblioteca Pública José María del Castillo y Rada | Biblioteca Pública José María del Castillo y Rada | 04/15/2018 | Donación | 0.00 | 320.5 / P419h | 430000046 | 05/16/2024 | V.5 / Ej.1 | Books | 03/29/2020 |